| 000 | 00487nam a2200145Ia 4500 | ||
|---|---|---|---|
| 008 | 170221s9999 xx 000 0 und d | ||
| 100 | _aZaid Alfayad | ||
| 245 | _aEmployee Voice and Job Satisfaction: An Application of Herzberg Two-factor Theory | ||
| 245 | _cZaid Alfayad, Lily Suriani Mohd Arif | ||
| 260 | _bInternational Review of Management and Marketing | ||
| 260 | _cMay 2016 | ||
| 300 | _a5:2 | ||
| 650 | _xMarketing. | ||
| 856 | _uhttp://www.econjournals.com/index.php/irmm | ||
| 999 |
_c309912 _d309912 |
||